Voľnočasovo-kultúrne centrum, Milano

Na minha lista:
Detalhes bibliográficos
Autor principal: Ďurčeková, Martina, 1990- (Author)
Outros Autores: Bátor, Jozef (Thesis advisor)
Formato: Manuscrito Livro
Idioma:eslovaco
Publicado em: Bratislava 2015
Assuntos:
Acesso em linha:http://is.stuba.sk/zp/portal_zp.pl?podrobnosti=109196
Tags: Adicionar Tag
Sem tags, seja o primeiro a adicionar uma tag!

MARC

LEADER 00000ntm a22000003a 4500
001 stuzp52510
003 SK-STU
005 20210305095915.5
007 ta
008 150427s2015----xo-----f-mn---000-0-slo-d
040 |a STU  |b slo 
041 0 |a slo 
100 1 |a Ďurčeková, Martina,  |d 1990-  |u 058180  |4 aut  |U FA Fakulta architektúry  |U FAD Fakulta architektúry  |T FA Ústav architektúry občianskych budov  |X 68141  |U A8180  |Y 399  |7 A000068141 
242 0 1 |a Voľnočasovo-kultúrne centrum, Miláno  |y eng 
245 1 0 |a Voľnočasovo-kultúrne centrum, Milano 
260 |c 2015  |a Bratislava 
650 4 |a galeria  |2 slo 
650 4 |a volnocasove  |2 slo 
650 4 |a centrum  |2 slo 
650 4 |a freetime  |2 eng 
650 4 |a gallery  |2 eng 
650 4 |a center  |2 eng 
700 1 |a Bátor, Jozef  |4 ths  |X 4810  |7 A000004810 
856 4 |u http://is.stuba.sk/zp/portal_zp.pl?podrobnosti=109196  |u https://opac.crzp.sk/?fn=detailBiblioForm&sid=A7BD2F096A49022F25CD9437FE46 
SQL |a stuzp52510  |b DDP  |c SLO  |d Voľnočasovo-kultúrne centrum, Milano  |e 68141  |f Ďurčeková, Martina  |g 058180  |h 4810  |i Bátor, Jozef  |j 20150604  |k 153  |l 05  |m http://is.stuba.sk/zp/portal_zp.pl?podrobnosti=109196  |n I-ARCH  |o 5.1.1. architektúra a urbanizmus